Missing Word: TV Comedy Variety Shows Quiz Stats

 Plays Quiz Updated Oct 22, 2015

Challenge
Share
Tweet
Embed
Score 0/18 Timer 03:00
0 Plays Today
Show Missing Word % Correct
_____ Night LiveSaturday
99.6%
The _____ Stiller ShowBen
95.4%
In _____ ColorLiving
93.2%
The _____ Burnett ShowCarol
91.6%
_____ HawHee
90.1%
Monty Python's _____ CircusFlying
87.7%
_____ Collar TVBlue
85%
Rowan & Martin's _____-InLaugh
81.7%
The _____ Ullman ShowTracey
75.6%
Show Missing Word % Correct
The Whitest Kids U' _____Know
71.8%
Chappelle's _____Show
65.1%
Second ____ TelevisionCity
62.7%
Funny or _____ PresentsDie
56.9%
_____tvMAD
51.4%
_____ ThatAll
50.8%
_____ & PeeleKey
49.4%
Upright _____ BrigadeCitizens
28.5%
_____ BritainLittle
21.5%

Today's Daily Dose

You're not logged in!

Compare scores with friends on all Sporcle quizzes.
Join for Free
OR
Log In

You Might Also Like...

Show Comments

Extras

Top Quizzes Today


Score Distribution

Your Account Isn't Verified!

In order to create a playlist on Sporcle, you need to verify the email address you used during registration. Go to your Sporcle Settings to finish the process.

Report this User

Report this user for behavior that violates our Community Guidelines.

Details: